[Event "FIDE World Cup (Women)"]
[Site "Baku"]
[Date "2023.07.30"]
[Round "1.1"]
[White "Roebers, Eline"]
[Black "Al Fayyadh, Yamama Asif Abdula"]
[Result "1-0"]
[WhiteElo "2419"]
[BlackElo "1705"]
[PlyCount "79"]
[EventDate "2023.07.30"]
[EventType "k.o."]
[EventRounds "7"]
[EventCountry "AZE"]
[SourceTitle "EXT 2024"]
[Source "ChessBase"]
[SourceDate "2023.10.10"]
[SourceVersion "1"]
[SourceVersionDate "2023.10.10"]
[SourceQuality "1"]

1. e4 e5 2. Nf3 Nc6 3. d4 exd4 4. Nxd4 Bc5 5. Nb3 Bb6 6. Nc3 Qf6 7. Qe2 Nge7 8. Be3 0-0 9. 0-0-0 d6 10. Kb1 Bxe3 11. Qxe3 a6 12. f4 b5 13. Rg1 b4 14. Ne2 Ng6 15. g4 Qe7 16. f5 Nge5 17. Nf4 Qd8 18. g5 Ne7 19. Nh5 Nxf5 20. exf5 Bxf5 21. Ng3 Be6 22. Nd4 Bd7 23. Bg2 Rb8 24. Nf3 Re8 25. Qf4 a5 26. Rge1 Nxf3 27. Bxf3 Rb5 28. Bg4 Bxg4 29. Qxg4 Rbe5 30. Rxe5 Rxe5 31. h4 Qe8 32. Qf4 d5 33. Kc1 c5 34. h5 Qe7 35. Nf5 Qe6 36. Rxd5 Re1+ 37. Rd1 Rxd1+ 38. Kxd1 Qd5+ 39. Ke1 h6 40. Ne7+ 1-0

[Event "Arab-ch U20 Girls"]
[Site "Baghdad"]
[Date "2022.03.11"]
[Round "2"]
[White "Bechikh, Chaima"]
[Black "Al Fayyadh, Yamama Asif Abdula"]
[Result "0-1"]
[WhiteElo "1354"]
[BlackElo "1627"]
[PlyCount "55"]
[EventDate "2022.03.10"]
[EventType "tourn"]
[EventRounds "7"]
[EventCountry "IRQ"]
[SourceTitle "EXT 2023"]
[Source "ChessBase"]
[SourceDate "2022.10.05"]
[SourceVersion "1"]
[SourceVersionDate "2022.10.05"]
[SourceQuality "1"]

1. d4 d5 2. Bf4 Nf6 3. e3 e6 4. c4 c5 5. Nf3 Nc6 6. Nc3 a6 7. Be2 dxc4 8. dxc5 Qxd1+ 9. Rxd1 Bxc5 10. Bxc4 Bb4 11. 0-0 Bxc3 12. bxc3 Ne4 13. Rd3 Na5 14. Rfd1 0-0 15. Bb3 b5 16. Bd6 Nxd6 17. Rxd6 Bb7 18. Ne5 Rac8 19. Rc1 Rfd8 20. Rd7 Nxb3 21. axb3 Bd5 22. b4 f6 23. Rxd8+ Rxd8 24. Nd3 Bxg2 25. Nc5 Bd5 26. Nxa6 Bc6 27. Nc5 Kf7 28. Rc2 0-1

[Event "Online Olym Div2 B"]
[Site "Chess.com INT"]
[Date "2021.09.04"]
[Round "8.2"]
[White "Sala, Giulia"]
[Black "Al Fayyadh, Yamama Asif Abdula"]
[Result "1-0"]
[WhiteElo "2064"]
[BlackElo "1659"]
[PlyCount "75"]
[EventDate "2021.09.02"]
[EventType "team (rapid)"]
[EventRounds "9"]
[EventCountry "USA"]
[SourceTitle "CBM 204 Extra"]
[Source "ChessBase"]
[SourceDate "2021.11.30"]
[SourceVersion "1"]
[SourceVersionDate "2021.11.30"]
[SourceQuality "1"]
[WhiteTeam "Italy"]
[BlackTeam "Iraq"]
[WhiteTeamCountry "ITA"]
[BlackTeamCountry "IRQ"]

1. e4 e5 2. Nf3 Nc6 3. Bc4 Bc5 4. 0-0 Nf6 5. d3 d6 6. c3 Be6 7. Nbd2 Qd7 8. a4 a5 9. Bb3 0-0 10. Re1 Ng4 11. Re2 h6 12. h3 Nf6 13. Nf1 Bxh3 14. gxh3 Qxh3 15. Rd2 Nh5 16. N3h2 Nf4 17. Qg4 Qxg4+ 18. Nxg4 Nh3+ 19. Kh2 Nf4 20. Ng3 Kh7 21. Rd1 Ne7 22. d4 exd4 23. cxd4 Bb6 24. Bxf4 Ng6 25. Be3 Rae8 26. Rac1 c6 27. d5 Bxe3 28. Nxe3 c5 29. Nc4 Rd8 30. Nxa5 Rd7 31. Nf5 Re8 32. Nc4 Rxe4 33. Ncxd6 Re2 34. Rc2 Nf4 35. Rxe2 Nxe2 36. Re1 Nf4 37. Re7 Rxe7 38. Nxe7 1-0

[Event "Online Olym Div2 B"]
[Site "Chess.com INT"]
[Date "2021.09.03"]
[Round "5.3"]
[White "Al Fayyadh, Yamama Asif Abdula"]
[Black "Khegay, Yuliya"]
[Result "0-1"]
[WhiteElo "1659"]
[BlackElo "1848"]
[PlyCount "64"]
[EventDate "2021.09.02"]
[EventType "team (rapid)"]
[EventRounds "9"]
[EventCountry "USA"]
[SourceTitle "CBM 204 Extra"]
[Source "ChessBase"]
[SourceDate "2021.11.30"]
[SourceVersion "1"]
[SourceVersionDate "2021.11.30"]
[SourceQuality "1"]
[WhiteTeam "Iraq"]
[BlackTeam "Uzbekistan"]
[WhiteTeamCountry "IRQ"]
[BlackTeamCountry "UZB"]

1. e4 e5 2. Nf3 Nc6 3. Bb5 a6 4. Ba4 Nf6 5. 0-0 Nxe4 6. d4 b5 7. Bb3 d5 8. dxe5 Be6 9. a4 b4 10. c3 Bc5 11. cxb4 Nxb4 12. Nbd2 Nxf2 13. Rxf2 Nd3 14. Qc2 Bxf2+ 15. Kf1 Nxc1 16. Rxc1 Bb6 17. Qc6+ Bd7 18. Qxd5 0-0 19. Qe4 Be6 20. Bc2 g6 21. Qf4 Bd5 22. Be4 Bxe4 23. Nxe4 Qd3+ 24. Ke1 Rad8 25. Nf6+ Kg7 26. Ng4 Ba5+ 27. b4 Bxb4+ 28. Qxb4 h5 29. Qf4 hxg4 30. Ng5 Rd4 31. Qf6+ Kg8 32. Rxc7 Qe3+ 0-1

[Event "Online Olym Div2 B"]
[Site "Chess.com INT"]
[Date "2021.09.02"]
[Round "1.1"]
[White "Pellicoro, Nathalie"]
[Black "Al Fayyadh, Yamama Asif Abdula"]
[Result "1/2-1/2"]
[WhiteElo "1917"]
[BlackElo "1659"]
[PlyCount "144"]
[EventDate "2021.09.02"]
[EventType "team (rapid)"]
[EventRounds "9"]
[EventCountry "USA"]
[SourceTitle "CBM 204 Extra"]
[Source "ChessBase"]
[SourceDate "2021.11.30"]
[SourceVersion "1"]
[SourceVersionDate "2021.11.30"]
[SourceQuality "1"]
[WhiteTeam "Switzerland"]
[BlackTeam "Iraq"]
[WhiteTeamCountry "SUI"]
[BlackTeamCountry "IRQ"]

1. e4 e5 2. Nf3 Nc6 3. Bc4 Bc5 4. d3 Nf6 5. c3 d6 6. b4 Bb6 7. Bg5 h6 8. Bh4 Be6 9. Nbd2 Qd7 10. Qb3 Nh5 11. a4 a5 12. 0-0 Nf4 13. Rfe1 0-0 14. Rad1 Bg4 15. Bg3 Nh5 16. b5 Ne7 17. d4 Nxg3 18. hxg3 exd4 19. cxd4 Ng6 20. Nf1 Be6 21. Ne3 Rfe8 22. d5 Bg4 23. Nxg4 Qxg4 24. Nh2 Qd7 25. Nf3 Ne5 26. Re2 Qg4 27. Nh2 Qd7 28. Rde1 Re7 29. Kh1 Rae8 30. f4 Ng4 31. Qf3 Nxh2 32. Kxh2 Qd8 33. g4 Qd7 34. e5 dxe5 35. fxe5 Bd4 36. e6 fxe6 37. dxe6 Qd6+ 38. Kh1 Bf6 39. Qd3 Qxd3 40. Bxd3 Rd8 41. Bg6 Rd4 42. Re4 Rd6 43. Bf7+ Kh8 44. Rc1 c6 45. bxc6 bxc6 46. Rc5 Kh7 47. Rxa5 Rd1+ 48. Kh2 Bc3 49. Rc5 Bd4 50. Rxc6 Bg1+ 51. Kh1 Ba7+ 52. Kh2 Bb8+ 53. g3 Rd2+ 54. Kh1 Rd1+ 55. Kg2 Rd2+ 56. Kf3 Rd3+ 57. Re3 Rxe3+ 58. Kxe3 Bxg3 59. a5 Bh2 60. a6 g6 61. Kf3 Bg1 62. Rd6 Kg7 63. Rd7 Kf6 64. Rxe7 Kxe7 65. Ke4 h5 66. gxh5 gxh5 67. Kf5 h4 68. Kg4 Bf2 69. Bg8 Kf8 70. Bf7 Ke7 71. Bg8 Kf8 72. Bf7 Ke7 1/2-1/2

[Event "Asia Nations online Cup (Women)"]
[Site "Chess.com INT"]
[Date "2020.10.19"]
[Round "7.6"]
[White "Al Fayyadh, Yamama Asif Abdula"]
[Black "Richards, Heather"]
[Result "0-1"]
[WhiteElo "1595"]
[BlackElo "2190"]
[PlyCount "68"]
[EventDate "2020.10.11"]
[EventType "team-swiss (rapid)"]
[EventRounds "9"]
[EventCountry "IND"]
[SourceTitle "CBM 198 Extra"]
[Source "ChessBase"]
[SourceDate "2020.11.30"]
[SourceVersion "1"]
[SourceVersionDate "2020.11.30"]
[SourceQuality "1"]
[WhiteTeam "Iraq (W)"]
[BlackTeam "Australia (W)"]
[WhiteTeamCountry "IRQ"]
[BlackTeamCountry "AUS"]

1. e4 e6 2. d3 d5 3. Nd2 Nf6 4. g3 dxe4 5. dxe4 Bc5 6. Bg2 e5 7. Ngf3 Nc6 8. 0-0 0-0 9. Qe1 a5 10. c3 b6 11. Nc4 Ba6 12. Nfd2 b5 13. Ne3 b4 14. c4 a4 15. Qd1 Bxe3 16. fxe3 Qd3 17. Re1 a3 18. bxa3 bxa3 19. Qa4 Bb7 20. Qb3 Qxb3 21. axb3 Rfd8 22. Nb1 a2 23. Nc3 Nb4 24. Re2 Rd3 25. Bb2 Ng4 26. Nd1 Rad8 27. Nc3 Rd2 28. Rxd2 Rxd2 29. Ba3 Nxe3 30. Bxb4 Rxg2+ 31. Kh1 Rb2 32. Rxa2 Bxe4+ 33. Nxe4 Rxa2 34. Bc5 Ra1# 0-1

[Event "Asia Nations online Cup (Women)"]
[Site "Chess.com INT"]
[Date "2020.10.11"]
[Round "3.11"]
[White "Al Fayyadh, Yamama Asif Abdula"]
[Black "Chong, Kai Ni Agnes"]
[Result "0-1"]
[WhiteElo "1595"]
[BlackElo "1892"]
[PlyCount "74"]
[EventDate "2020.10.11"]
[EventType "team-swiss (rapid)"]
[EventRounds "9"]
[EventCountry "IND"]
[SourceTitle "CBM 198 Extra"]
[Source "ChessBase"]
[SourceDate "2020.11.30"]
[SourceVersion "1"]
[SourceVersionDate "2020.11.30"]
[SourceQuality "1"]
[WhiteTeam "Iraq (W)"]
[BlackTeam "Malaysia (W)"]
[WhiteTeamCountry "IRQ"]
[BlackTeamCountry "MAS"]

1. e4 c5 2. Nf3 d6 3. d4 cxd4 4. Nxd4 Nf6 5. Nc3 a6 6. f3 e5 7. Nb3 Be6 8. Be3 Be7 9. Be2 Nbd7 10. Nd5 Nxd5 11. exd5 Bf5 12. Bd3 Bg6 13. 0-0 0-0 14. Bxg6 hxg6 15. f4 exf4 16. Bxf4 Ne5 17. Kh1 b5 18. Nd4 Bf6 19. Rc1 Qd7 20. b3 Rac8 21. Bxe5 Bxe5 22. Nc6 Bb2 23. Rb1 Bf6 24. c4 Rfe8 25. Qd3 Qg4 26. Rbe1 bxc4 27. bxc4 Qh4 28. Rb1 Re4 29. Rbc1 Rce8 30. c5 Bg5 31. Rcd1 Re3 32. Qd4 Qh5 33. Qa4 R8e4 34. Qxa6 Bf4 35. Qc8+ Kh7 36. Rxf4 Qxd1+ 37. Rf1 Qxf1# 0-1

[Event "Olympiad Women-43"]
[Site "Batumi"]
[Date "2018.10.04"]
[Round "10.3"]
[White "Al Fayyadh, Yamama Asif Abdula"]
[Black "McPherson, Naledi"]
[Result "1-0"]
[WhiteElo "1604"]
[BlackElo "1267"]
[PlyCount "45"]
[EventDate "2018.09.24"]
[EventType "team-swiss"]
[EventRounds "11"]
[EventCountry "GEO"]
[SourceTitle "EXT 2020"]
[Source "ChessBase"]
[SourceDate "2019.10.17"]
[SourceVersion "1"]
[SourceVersionDate "2019.10.17"]
[SourceQuality "1"]
[WhiteTeam "Iraq (W)"]
[BlackTeam "Lesotho (W)"]
[WhiteTeamCountry "IRQ"]
[BlackTeamCountry "LES"]

1. e4 c6 2. d4 d5 3. exd5 cxd5 4. Bd3 e6 5. Nf3 Nf6 6. 0-0 Bd6 7. Re1 0-0 8. c3 b6 9. Ne5 Nbd7 10. Nd2 Bb7 11. f4 Re8 12. Ndf3 Bc7 13. Ng5 Rf8 14. Qf3 h6 15. Nh3 Nh7 16. f5 Nxe5 17. dxe5 exf5 18. Qxf5 g6 19. Qf4 h5 20. Qh6 Qh4 21. Bg5 Qg4 22. Bf6 Nxf6 23. exf6 1-0

[Event "Olympiad Women-43"]
[Site "Batumi"]
[Date "2018.09.24"]
[Round "1.21"]
[White "Al Fayyadh, Yamama Asif Abdula"]
[Black "Arribas Robaina, Maritza"]
[Result "0-1"]
[WhiteElo "1604"]
[BlackElo "2243"]
[PlyCount "66"]
[EventDate "2018.09.24"]
[EventType "team-swiss"]
[EventRounds "11"]
[EventCountry "GEO"]
[SourceTitle "EXT 2020"]
[Source "ChessBase"]
[SourceDate "2019.10.17"]
[SourceVersion "1"]
[SourceVersionDate "2019.10.17"]
[SourceQuality "1"]
[WhiteTeam "Iraq (W)"]
[BlackTeam "Cuba (W)"]
[WhiteTeamCountry "IRQ"]
[BlackTeamCountry "CUB"]

1. e4 d6 2. d4 g6 3. Nf3 Bg7 4. Be2 Bg4 5. h3 Bxf3 6. Bxf3 Nc6 7. c3 Nf6 8. 0-0 0-0 9. Nd2 e5 10. Nb3 Nd7 11. d5 Ne7 12. Qc2 f5 13. Bg5 Bf6 14. Bxf6 Nxf6 15. c4 fxe4 16. Bxe4 Nxe4 17. Qxe4 Rf4 18. Qc2 Qd7 19. Rac1 b6 20. Nd2 Raf8 21. Ne4 Nf5 22. Qd3 Nd4 23. Nc3 Rh4 24. Qg3 Rff4 25. b3 Qf5 26. Rfe1 Rh5 27. Ne2 Rg5 28. Nxd4 exd4 29. Qh2 d3 30. Rcd1 Rxf2 31. Rf1 Rxf1+ 32. Rxf1 d2 33. Rxf5 Rxf5 0-1